000
00223 a2200097 4500
001
25995
100
_a
Army Material Comn
245
_a
Engineering design handbook 706-201
260
_a
_b
AMC(USA)
_c
090
_c
17590
_d
17590
942
_a
NUST-CAE
_c
M
_c
8436
999
_c
261068
_d
261068